Practica Del Idioma - Ingles - Estadísticas

Estadísticas generales
  • Esta prueba ha sido intentada 58 veces
    54 desde el último reinicio
  • La puntuación promedio es 19 de 20
Estadísticas de respuestas
Español Ingles % Correcto
La manzana Apple
100%
El plátano Banana
100%
La cama Bed
100%
El pájaro Bird
100%
Azul Blue
100%
El pan Bread
100%
Marrón Brown
100%
El coche Car
100%
El gato Cat
100%
El queso Cheese
100%
El pollo Chicken
100%
La ciudad City
100%
El reloj Clock
100%
La hija Daughter
100%
El perro Dog
100%
La puerta Door
100%
El huevo Egg
100%
Ocho Eight
100%
El elefante Elephant
100%
El ojo Eye
100%
La familia Family
100%
El padre Father
100%
Cinco Five
100%
La flor Flower
100%
El pie Foot
100%
Cuatro Four
100%
El amigo Friend
100%
La fruta Fruit
100%
La niña Girl
100%
Gris Gray
100%
Verde Green
100%
La mano Hand
100%
La cabeza Head
100%
El corazón Heart
100%
Hola Hello
100%
El caballo Horse
100%
La casa House
100%
El león Lion
100%
El hombre Man
100%
La leche Milk
100%
El dinero Money
100%
La luna Moon
100%
La mañana Morning
100%
La madre Mother
100%
La montaña Mountain
100%
La boca Mouth
100%
La noche Night
100%
Nueve Nine
100%
Uno One
100%
Naranja Orange
100%
Rojo Red
100%
La escuela School
100%
El zapato Shoe
100%
Seis Six
100%
El cielo Sky
100%
El hijo Son
100%
La estrella Star
100%
La calle Street
100%
El azúcar Sugar
100%
El sol Sun
100%
La mesa Table
100%
El té Tea
100%
El teléfono Telephone
100%
Diez Ten
100%
Gracias Thanks
100%
Tres Three
100%
El tigre Tiger
100%
Veinte Twenty
100%
Dos Two
100%
Blanco White
100%
La ventana Window
100%
La mujer Woman
100%
Cero Zero
100%
El trabajo Work
91%
El vino Wine
90%
Mil Thousand
89%
El niño Boy
88%
El arroz Rice
88%
Negro Black
86%
La ropa Clothes
86%
El pescado Fish
86%
El mar Sea
86%
El agua Water
86%
Amarillo Yellow
86%
El libro Book
83%
El café Coffee
83%
El tiempo Time
83%
El árbol Tree
83%
El hermano Brother
80%
La silla Chair
80%
La hermana Sister
80%
La sopa Soup
80%
La carne Meat
78%
La cerveza Beer
75%
La vaca Cow
75%
Siete Seven
75%
Cien Hundred
71%
Rosa Pink
71%
La pasta Pasta
67%
La sal Salt
50%
No se encontraron pruebas coincidentes
Distribución de puntuación
Porcentaje de gente con cada puntuación
Porcentaje por número respondido
Historial de tus puntuaciones
No has intentado esta prueba desde el último reinicio